Negotiation : (Record no. 25490)

MARC details
000 -LEADER
fixed length control field 00996cam a2200289 a 4500
001 - CONTROL NUMBER
control field 4868168
003 - CONTROL NUMBER IDENTIFIER
control field OSt
005 - DATE AND TIME OF LATEST TRANSACTION
control field 20211231103003.0
008 - FIXED-LENGTH DATA ELEMENTS--GENERAL INFORMATION
fixed length control field 920309s1993 ilu b 001 0 eng
010 ## - LIBRARY OF CONGRESS CONTROL NUMBER
LC control number 92011882
020 ## - INTERNATIONAL STANDARD BOOK NUMBER
International Standard Book Number 0256101647 (alk. paper)
040 ## - CATALOGING SOURCE
Original cataloging agency DLC
Transcribing agency HU
Modifying agency DLC
050 00 - LIBRARY OF CONGRESS CALL NUMBER
Classification number HD58.6
Item number .N45 1993
082 00 - DEWEY DECIMAL CLASSIFICATION NUMBER
Classification number 658.4
Edition number 20
245 00 - TITLE STATEMENT
Title Negotiation :
Remainder of title readings, exercises, and cases /
Statement of responsibility, etc. Roy J. Lewicki ... [et al.].
250 ## - EDITION STATEMENT
Edition statement 2nd ed.
260 ## - PUBLICATION, DISTRIBUTION, ETC.
Place of publication, distribution, etc. Homewood, IL :
Name of publisher, distributor, etc. Irwin,
Date of publication, distribution, etc. c1993.
300 ## - PHYSICAL DESCRIPTION
Extent xii, 770 p. ;
Dimensions 24 cm.
500 ## - GENERAL NOTE
General note "Free instructor's copy ... not for sale"--P. 4 of cover.
504 ## - BIBLIOGRAPHY, ETC. NOTE
Bibliography, etc. note Includes bibliographical references and index.
650 #0 - SUBJECT ADDED ENTRY--TOPICAL TERM
Topical term or geographic name entry element Negotiation.
9 (RLIN) 26574
650 #0 - SUBJECT ADDED ENTRY--TOPICAL TERM
Topical term or geographic name entry element Negotiation
General subdivision Case studies.
9 (RLIN) 26575
700 1# - ADDED ENTRY--PERSONAL NAME
Personal name Lewicki, Roy J.
9 (RLIN) 8920
906 ## - LOCAL DATA ELEMENT F, LDF (RLIN)
a 7
b cbc
c orignew
d 1
e ocip
f 19
g y-gencatlg
942 ## - ADDED ENTRY ELEMENTS (KOHA)
Source of classification or shelving scheme Dewey Decimal Classification
Koha item type Books like text book referance book
Suppress in OPAC No
Holdings
Withdrawn status Lost status Source of classification or shelving scheme Damaged status Not for loan Home library Current library Shelving location Date acquired Total Checkouts Full call number Barcode Date last seen Copy number Price effective from Koha item type
    Dewey Decimal Classification     Social Library Social Library General Stacks 12/31/2021   658.4/NEG SHLIB00011624 12/31/2021 1 12/31/2021 Books like text book referance book